Loading...
| Science - Chemistry | 0 | 8 | 0 | 0 | 80 | 31 | 47.63 | 1 | 5 | 0.00 | 0.00 |
| Painting/Sculpture | 0 | 7 | 1 | 1 | 65 | 18 | 52.57 | 3 | 6 | 0.00 | 0.00 |
| Literature - World | 0 | 5 | 0 | 0 | 50 | 61 | 76.00 | 2 | 4 | 0.00 | 0.00 |
| Fine Arts - Other | 0 | 5 | 0 | 0 | 50 | 26 | 68.60 | 2 | 3 | 0.00 | 0.00 |
| Literature - European | 0 | 4 | 0 | 1 | 40 | 70 | 86.00 | 2 | 2 | 0.00 | 0.00 |
| Literature - American | 0 | 4 | 1 | 1 | 35 | 54 | 80.50 | 0 | 2 | 0.00 | 0.00 |
| Science - Biology | 0 | 4 | 1 | 0 | 35 | 32 | 56.50 | 1 | 4 | 0.00 | 0.00 |
| Science - Other | 0 | 3 | 0 | 1 | 30 | 36 | 57.33 | 0 | 1 | 0.00 | 0.00 |
| Geography | 0 | 2 | 0 | 0 | 20 | 43 | 58.50 | 0 | 2 | 0.00 | 0.00 |
| Mythology | 0 | 2 | 0 | 0 | 20 | 47 | 67.50 | 1 | 2 | 0.00 | 0.00 |
| Science - Physics | 0 | 3 | 3 | 0 | 15 | 17 | 39.67 | 1 | 2 | 0.00 | 0.00 |
| Social Science | 0 | 1 | 0 | 0 | 10 | 85 | 85.00 | 0 | 0 | 0.00 | 0.00 |
| History - American | 0 | 1 | 0 | 0 | 10 | 90 | 90.00 | 0 | 0 | 0.00 | 0.00 |
| History - European | 0 | 1 | 0 | 0 | 10 | 24 | 24.00 | 1 | 1 | 0.00 | 0.00 |
| History - World | 0 | 1 | 0 | 1 | 10 | 69 | 69.00 | 0 | 0 | 0.00 | 0.00 |
| Current Events | 0 | 1 | 0 | 0 | 10 | 47 | 47.00 | 0 | 0 | 0.00 | 0.00 |
| Literature - British | 0 | 1 | 1 | 0 | 5 | 115 | 115.00 | 0 | 0 | 0.00 | 0.00 |
| Religion | 0 | 1 | 1 | 0 | 5 | 57 | 57.00 | 0 | 1 | 0.00 | 0.00 |
| History - Other | 0 | 0 | 1 | 0 | -5 | 0.00 | 0 | 0 | 0.00 | 0.00 | |
| Fine Arts - Classical Music | 0 | 0 | 1 | 0 | -5 | 0.00 | 0 | 0 | 0.00 | 0.00 |